<?xml version="1.0" encoding="UTF-8"?><?xml-stylesheet type="text/xsl" href="static/style.xsl"?><OAI-PMH xmlns="http://www.openarchives.org/OAI/2.0/" xmlns:xsi="http://www.w3.org/2001/XMLSchema-instance" xsi:schemaLocation="http://www.openarchives.org/OAI/2.0/ http://www.openarchives.org/OAI/2.0/OAI-PMH.xsd"><responseDate>2026-04-29T07:25:13Z</responseDate><request verb="GetRecord" identifier="oai:repisalud.isciii.es:20.500.12105/14651" metadataPrefix="marc">https://repisalud.isciii.es/rest/oai/request</request><GetRecord><record><header><identifier>oai:repisalud.isciii.es:20.500.12105/14651</identifier><datestamp>2024-11-29T13:21:24Z</datestamp><setSpec>com_20.500.12105_2203</setSpec><setSpec>com_20.500.12105_2202</setSpec><setSpec>col_20.500.12105_19585</setSpec></header><metadata><record xmlns="http://www.loc.gov/MARC21/slim" xmlns:dcterms="http://purl.org/dc/terms/" xmlns:doc="http://www.lyncode.com/xoai" xmlns:xsi="http://www.w3.org/2001/XMLSchema-instance" xsi:schemaLocation="http://www.loc.gov/MARC21/slim http://www.loc.gov/standards/marcxml/schema/MARC21slim.xsd">
   <leader>00925njm 22002777a 4500</leader>
   <datafield ind2=" " ind1=" " tag="042">
      <subfield code="a">dc</subfield>
   </datafield>
   <datafield ind2=" " ind1=" " tag="720">
      <subfield code="a">Instituto de Salud Carlos III. Gabinete de prensa</subfield>
      <subfield code="e">author</subfield>
   </datafield>
   <datafield ind2=" " ind1=" " tag="260">
      <subfield code="c">2022-06-24</subfield>
   </datafield>
   <datafield ind2=" " ind1=" " tag="520">
      <subfield code="a">El ISCIII ha participado en una investigación internacional, que acaba de publicarse en la revista Science, que ha descubierto una molécula capaz de optimizar la reparación del daño oxidativo que sufre el ADN, un proceso que se relaciona con el envejecimiento y un mayor riesgo de diversas enfermedades. Se trata de una investigación básica, llevada a cabo con experimentos in vitro en laboratorio y aún alejada de posibles ensayos &#xd;
clínicos con personas, pero que puede abrir la puerta a nuevos hallazgos en torno a los mecanismos de reparación del daño oxidativo en las células, que se relaciona con enfermedades inflamatorias, neurodegenerativas y oncológicas entre otras.</subfield>
   </datafield>
   <datafield ind1="8" ind2=" " tag="024">
      <subfield code="a">http://hdl.handle.net/20.500.12105/14651</subfield>
   </datafield>
   <datafield tag="653" ind2=" " ind1=" ">
      <subfield code="a">Investigación</subfield>
   </datafield>
   <datafield ind2="0" ind1="0" tag="245">
      <subfield code="a">Un estudio internacional con participación del ISCIII  identifica una nueva diana para frenar el daño  oxidativo en las células</subfield>
   </datafield>
</record></metadata></record></GetRecord></OAI-PMH>